|
|
|
|
| LEADER |
00000nam a2200000 a 4500 |
| 001 |
vtls010276637 |
| 003 |
SK-MaSNL |
| 005 |
20260302011735.0 |
| 008 |
240318 000 0 eng |
| 040 |
|
|
|a SNK
|b slo
|c SNK
|e AACR2
|
| 100 |
1 |
|
|a Shakespeare, William,
|d 1564-1616
|4 aut
|9 92336
|
| 245 |
1 |
0 |
|a Král Richard III.
|b Divadelná hra
|c přeložil František Nevrla
|
| 260 |
|
|
|a Praha
|b Dilia
|c 1960
|
| 300 |
|
|
|a 117 s.
|
| 999 |
|
|
|c 1007240
|d 1009170
|
| 952 |
|
|
|a SNK
|b SNK
|y VYP
|7 0
|p 17A0699091
|o snkIB 10591
|i snkK 4253/60
|8 3
|3 rekatalogizácia
|0 0
|1 0
|4 0
|d 2011-05-06
|l 0
|r 2026-02-24 12:40:10
|w 2026-02-24
|